<?xml version="1.0" encoding="UTF-8"?>
<collection xmlns="http://www.loc.gov/MARC21/slim">
 <record>
  <leader>01934nam a22002777a 4500</leader>
  <controlfield tag="001">NCT_60638</controlfield>
  <controlfield tag="008">190227b        xxu||||| |||| 00| 0 vie d</controlfield>
  <datafield tag="999" ind1=" " ind2=" ">
   <subfield code="c">2940</subfield>
   <subfield code="d">2940</subfield>
  </datafield>
  <datafield tag="020" ind1=" " ind2=" ">
   <subfield code="c">96000</subfield>
  </datafield>
  <datafield tag="082" ind1="0" ind2="4">
   <subfield code="2">23rd ed.</subfield>
   <subfield code="a">616.8</subfield>
   <subfield code="b">Ch561/T.4</subfield>
  </datafield>
  <datafield tag="100" ind1="1" ind2=" ">
   <subfield code="a">Nguyễn Văn Chương</subfield>
   <subfield code="e">Chủ biên</subfield>
  </datafield>
  <datafield tag="245" ind1="1" ind2="0">
   <subfield code="a">Thực hành lâm sàng thần kinh học</subfield>
   <subfield code="n">Tập IV</subfield>
   <subfield code="p">Chẩn đoán cận lâm sàng</subfield>
   <subfield code="c">Nguyễn Văn Chương (chủ biên) ; Nguyễn Xuân Thản, Hoàng Đức Kiệt, ...(biên soạn)</subfield>
  </datafield>
  <datafield tag="250" ind1=" " ind2=" ">
   <subfield code="a">Tái bản lần thứ 1 </subfield>
  </datafield>
  <datafield tag="260" ind1=" " ind2=" ">
   <subfield code="a">H.</subfield>
   <subfield code="b">Y học</subfield>
   <subfield code="c">2012</subfield>
  </datafield>
  <datafield tag="300" ind1=" " ind2=" ">
   <subfield code="a">398 tr.</subfield>
   <subfield code="c">21cm</subfield>
  </datafield>
  <datafield tag="520" ind1="3" ind2=" ">
   <subfield code="a">Sách  cung cấp những kiến thức thần kinh học cơ bản phục vụ cho đối tượng học viên đại học sau đại học, các bác sĩ chuyên ngành khác cũng như những bạn đọc có nhu cầu tham khảo.</subfield>
  </datafield>
  <datafield tag="653" ind1=" " ind2=" ">
   <subfield code="a">Y Đa khoa</subfield>
  </datafield>
  <datafield tag="700" ind1="1" ind2=" ">
   <subfield code="a">Nguyễn Xuân Thản</subfield>
   <subfield code="e">Biên soạn</subfield>
  </datafield>
  <datafield tag="700" ind1="1" ind2=" ">
   <subfield code="a">Hoàng Đức Kiệt</subfield>
   <subfield code="e">Biên soạn</subfield>
  </datafield>
  <datafield tag="942" ind1=" " ind2=" ">
   <subfield code="2">ddc</subfield>
   <subfield code="c">BK</subfield>
  </datafield>
  <datafield tag="952" ind1=" " ind2=" ">
   <subfield code="0">0</subfield>
   <subfield code="1">0</subfield>
   <subfield code="2">ddc</subfield>
   <subfield code="4">0</subfield>
   <subfield code="6">616_800000000000000_CH561_T_4</subfield>
   <subfield code="7">0</subfield>
   <subfield code="9">15854</subfield>
   <subfield code="a">000001</subfield>
   <subfield code="b">000001</subfield>
   <subfield code="d">2019-02-27</subfield>
   <subfield code="o">616.8 Ch561/T.4</subfield>
   <subfield code="p">MD.14584</subfield>
   <subfield code="r">2019-02-27</subfield>
   <subfield code="v">96000.00</subfield>
   <subfield code="w">2019-02-27</subfield>
   <subfield code="y">BK</subfield>
  </datafield>
  <datafield tag="952" ind1=" " ind2=" ">
   <subfield code="0">0</subfield>
   <subfield code="1">0</subfield>
   <subfield code="2">ddc</subfield>
   <subfield code="4">0</subfield>
   <subfield code="6">616_800000000000000_CH561_T_4</subfield>
   <subfield code="7">0</subfield>
   <subfield code="9">15855</subfield>
   <subfield code="a">000001</subfield>
   <subfield code="b">000001</subfield>
   <subfield code="d">2019-02-27</subfield>
   <subfield code="o">616.8 Ch561/T.4</subfield>
   <subfield code="p">MD.14585</subfield>
   <subfield code="r">2019-02-27</subfield>
   <subfield code="v">96000.00</subfield>
   <subfield code="w">2019-02-27</subfield>
   <subfield code="y">BK</subfield>
  </datafield>
  <datafield tag="952" ind1=" " ind2=" ">
   <subfield code="0">0</subfield>
   <subfield code="1">0</subfield>
   <subfield code="2">ddc</subfield>
   <subfield code="4">0</subfield>
   <subfield code="6">616_800000000000000_CH561_T_4</subfield>
   <subfield code="7">0</subfield>
   <subfield code="9">15856</subfield>
   <subfield code="a">000001</subfield>
   <subfield code="b">000001</subfield>
   <subfield code="d">2019-02-27</subfield>
   <subfield code="o">616.8 Ch561/T.4</subfield>
   <subfield code="p">MD.14586</subfield>
   <subfield code="r">2019-02-27</subfield>
   <subfield code="v">96000.00</subfield>
   <subfield code="w">2019-02-27</subfield>
   <subfield code="y">BK</subfield>
  </datafield>
  <datafield tag="952" ind1=" " ind2=" ">
   <subfield code="0">0</subfield>
   <subfield code="1">0</subfield>
   <subfield code="2">ddc</subfield>
   <subfield code="4">0</subfield>
   <subfield code="6">616_800000000000000_CH561_T_4</subfield>
   <subfield code="7">0</subfield>
   <subfield code="9">15857</subfield>
   <subfield code="a">000001</subfield>
   <subfield code="b">000001</subfield>
   <subfield code="d">2019-02-27</subfield>
   <subfield code="o">616.8 Ch561/T.4</subfield>
   <subfield code="p">MD.14587</subfield>
   <subfield code="r">2019-02-27</subfield>
   <subfield code="v">96000.00</subfield>
   <subfield code="w">2019-02-27</subfield>
   <subfield code="y">BK</subfield>
  </datafield>
  <datafield tag="952" ind1=" " ind2=" ">
   <subfield code="0">0</subfield>
   <subfield code="1">0</subfield>
   <subfield code="2">ddc</subfield>
   <subfield code="4">0</subfield>
   <subfield code="6">616_800000000000000_CH561_T_4</subfield>
   <subfield code="7">0</subfield>
   <subfield code="9">15858</subfield>
   <subfield code="a">000001</subfield>
   <subfield code="b">000001</subfield>
   <subfield code="d">2019-02-27</subfield>
   <subfield code="o">616.8 Ch561/T.4</subfield>
   <subfield code="p">MD.14588</subfield>
   <subfield code="r">2019-02-27</subfield>
   <subfield code="v">96000.00</subfield>
   <subfield code="w">2019-02-27</subfield>
   <subfield code="y">BK</subfield>
  </datafield>
  <datafield tag="980" ind1=" " ind2=" ">
   <subfield code="a">Thư viện Trường Đại học Nam Cần Thơ</subfield>
  </datafield>
 </record>
</collection>
